000 00927cam a2200217 i 4500
001 2240137
005 20250716082852.0
008 761124s1976 gw 000 0 eng
020 _a3438054051 (United Bible Societies) :
_cDM44.00
020 _a9783438054050
041 0 _aeng
_agrc
050 0 0 _aBS2560.A2
_bA35 SYN
082 0 0 _a226/.1
245 1 0 _aSynopsis of the four gospels :
_bGreek-Engl. ed. of the synopsis quattuor evangeliorum ; completely rev. on the basis of the Greek text of Nestle-Aland 27th ed. and Greek New Testament 3rd ed. ; the Engl. text is the 14. ed of the rev. standard version United Bible Societies /
_ced. by Kurt Aland.
260 _aStuttgart :
_bWürttembergische Bibelanstalt,
_c2009.
300 _axxx, 361 p. ;
_c28 cm.
500 _aOn t.p.: United Bible Societies.
500 _aOpposite pages numbered in duplicate up to p. 338.
700 1 _aAland, Kurt,
_eed.
942 _2lcc
_cBK
_n0
999 _c6986
_d6986